000 00693nam a2200217 u 4500
005 20240320063628.0
008 080221s2005 es r 000 0 spa d
020 _a8484702006
035 _aUPN01000154375
049 _aI
050 4 _aPZ56.3
_bB5.7
100 1 _aBisinski, Pierrick,
_d1961-
_942789
245 1 0 _aTodos los bebés /
_cBisinski-Sanders ; tr. Julia Vinent.
260 _aBarcelona [Esp.] :
_bCorimbo,
_cc2005.
300 _a[28] p. :
_bprincipalmente il. col.
534 _pTítulo original:
_tTous les bébés
650 0 _aAnimales
_vCuentos y leyendas
_9234
650 4 _aLiteratura infantil belga
_99175
700 1 _aSanders, Alex,
_ecoaut.
_935539
905 _aInfantil
999 _c126492
_d126492